<?xml version="1.0" encoding="UTF-8"?>
<collection xmlns="http://www.loc.gov/MARC21/slim">
 <record>
  <leader>01793nam a22002537a 4500</leader>
  <controlfield tag="001">NCT_4_013439</controlfield>
  <controlfield tag="008">241017b        xxu||||| |||| 00| 0 vie d</controlfield>
  <datafield tag="999" ind1=" " ind2=" ">
   <subfield code="c">8637</subfield>
   <subfield code="d">8637</subfield>
  </datafield>
  <datafield tag="020" ind1=" " ind2=" ">
   <subfield code="a">9786044713854</subfield>
   <subfield code="c">142000</subfield>
  </datafield>
  <datafield tag="082" ind1="0" ind2="4">
   <subfield code="2">23rd ed.</subfield>
   <subfield code="a">005.73</subfield>
   <subfield code="b">Ngh301</subfield>
  </datafield>
  <datafield tag="100" ind1="1" ind2=" ">
   <subfield code="a">Nguyễn Đức Nghĩa</subfield>
  </datafield>
  <datafield tag="245" ind1="1" ind2="0">
   <subfield code="a">Cấu trúc dữ liệu và thuật toán</subfield>
   <subfield code="c">Nguyễn Đức Nghĩa</subfield>
  </datafield>
  <datafield tag="250" ind1=" " ind2=" ">
   <subfield code="a">Xuất bản lần thứ 5</subfield>
  </datafield>
  <datafield tag="260" ind1=" " ind2=" ">
   <subfield code="a">H.</subfield>
   <subfield code="b">Bách khoa Hà Nội</subfield>
   <subfield code="c">2023</subfield>
  </datafield>
  <datafield tag="300" ind1=" " ind2=" ">
   <subfield code="a">367 tr.</subfield>
   <subfield code="b">Minh họa</subfield>
   <subfield code="c">24cm</subfield>
  </datafield>
  <datafield tag="520" ind1="3" ind2=" ">
   <subfield code="a">Nội dung sách trình bày các khái niệm cơ bản về thuật toán và cấu trúc dữ liệu; thuật toán đệ quy, các cấu trúc dữ liệu cơ bản, cây, các thuật toán sắp xếp, tìm kiếm, đồ thị và các thuật toán đồ thị.</subfield>
  </datafield>
  <datafield tag="653" ind1=" " ind2=" ">
   <subfield code="a">Công nghệ thông tin</subfield>
  </datafield>
  <datafield tag="942" ind1=" " ind2=" ">
   <subfield code="2">ddc</subfield>
   <subfield code="c">BK</subfield>
  </datafield>
  <datafield tag="952" ind1=" " ind2=" ">
   <subfield code="0">0</subfield>
   <subfield code="1">0</subfield>
   <subfield code="2">ddc</subfield>
   <subfield code="4">0</subfield>
   <subfield code="6">005_730000000000000_NGH301</subfield>
   <subfield code="7">0</subfield>
   <subfield code="9">29570</subfield>
   <subfield code="a">000001</subfield>
   <subfield code="b">000001</subfield>
   <subfield code="d">2024-10-17</subfield>
   <subfield code="o">005.73 Ngh301</subfield>
   <subfield code="p">MD.22904</subfield>
   <subfield code="r">2024-10-17</subfield>
   <subfield code="v">142000.00</subfield>
   <subfield code="w">2024-10-17</subfield>
   <subfield code="y">BK</subfield>
  </datafield>
  <datafield tag="952" ind1=" " ind2=" ">
   <subfield code="0">0</subfield>
   <subfield code="1">0</subfield>
   <subfield code="2">ddc</subfield>
   <subfield code="4">0</subfield>
   <subfield code="6">005_730000000000000_NGH301</subfield>
   <subfield code="7">0</subfield>
   <subfield code="9">29571</subfield>
   <subfield code="a">000001</subfield>
   <subfield code="b">000001</subfield>
   <subfield code="d">2024-10-17</subfield>
   <subfield code="o">005.73 Ngh301</subfield>
   <subfield code="p">MD.22905</subfield>
   <subfield code="r">2024-10-17</subfield>
   <subfield code="v">142000.00</subfield>
   <subfield code="w">2024-10-17</subfield>
   <subfield code="y">BK</subfield>
  </datafield>
  <datafield tag="952" ind1=" " ind2=" ">
   <subfield code="0">0</subfield>
   <subfield code="1">0</subfield>
   <subfield code="2">ddc</subfield>
   <subfield code="4">0</subfield>
   <subfield code="6">005_730000000000000_NGH301</subfield>
   <subfield code="7">0</subfield>
   <subfield code="9">29572</subfield>
   <subfield code="a">000001</subfield>
   <subfield code="b">000001</subfield>
   <subfield code="d">2024-10-17</subfield>
   <subfield code="o">005.73 Ngh301</subfield>
   <subfield code="p">MD.22906</subfield>
   <subfield code="r">2024-10-17</subfield>
   <subfield code="v">142000.00</subfield>
   <subfield code="w">2024-10-17</subfield>
   <subfield code="y">BK</subfield>
  </datafield>
  <datafield tag="952" ind1=" " ind2=" ">
   <subfield code="0">0</subfield>
   <subfield code="1">0</subfield>
   <subfield code="2">ddc</subfield>
   <subfield code="4">0</subfield>
   <subfield code="6">005_730000000000000_NGH301</subfield>
   <subfield code="7">0</subfield>
   <subfield code="9">29573</subfield>
   <subfield code="a">000001</subfield>
   <subfield code="b">000001</subfield>
   <subfield code="d">2024-10-17</subfield>
   <subfield code="o">005.73 Ngh301</subfield>
   <subfield code="p">MD.22907</subfield>
   <subfield code="r">2024-10-17</subfield>
   <subfield code="v">142000.00</subfield>
   <subfield code="w">2024-10-17</subfield>
   <subfield code="y">BK</subfield>
  </datafield>
  <datafield tag="952" ind1=" " ind2=" ">
   <subfield code="0">0</subfield>
   <subfield code="1">0</subfield>
   <subfield code="2">ddc</subfield>
   <subfield code="4">0</subfield>
   <subfield code="6">005_730000000000000_NGH301</subfield>
   <subfield code="7">0</subfield>
   <subfield code="9">29574</subfield>
   <subfield code="a">000001</subfield>
   <subfield code="b">000001</subfield>
   <subfield code="d">2024-10-17</subfield>
   <subfield code="l">2</subfield>
   <subfield code="m">1</subfield>
   <subfield code="o">005.73 Ngh301</subfield>
   <subfield code="p">MD.22908</subfield>
   <subfield code="r">2025-04-26</subfield>
   <subfield code="s">2025-04-15</subfield>
   <subfield code="v">142000.00</subfield>
   <subfield code="w">2024-10-17</subfield>
   <subfield code="y">BK</subfield>
  </datafield>
  <datafield tag="980" ind1=" " ind2=" ">
   <subfield code="a">Thư viện Trường Đại học Nam Cần Thơ</subfield>
  </datafield>
 </record>
</collection>
